| 000 | 00550nam a22001577a 4500 | ||
|---|---|---|---|
| 008 | 100509t xxu||||| |||| 00| 0 eng d | ||
| 082 |
_222 _a781.64 _bPHI |
||
| 110 |
_913848 _aPhilips |
||
| 245 | _aPhilips/ | ||
| 260 |
_aAmsterdam, the Netherlands: _bPhilips, |
||
| 300 |
_a1 sound disc (80 min.) : _bdigital, stereo. ; _c4 3/4 in. |
||
| 650 |
_913847 _aHouse music |
||
| 650 |
_913846 _aTechno music |
||
| 942 |
_2ddc _cCDR |
||
| 999 |
_c13969 _d13969 |
||